000 00708nam a2200205Ia 4500
003 GCL
008 140319s9999 xx 000 0 ara d
040 _aGCL /
_cGCL
082 0 4 _a155.4
_bك ت
100 1 _aكولتشيتسكايا، ي 0 ا
245 1 0 _aتربية مشاعر الأطفال فىالأسرة /
_cكولتشيتسكايا، ي 0 ا
250 _aالاولى
260 _aسوريا :
_bمنشورات دار علاءالدين ،
_c2000
300 _a132 ص ؛
_c24 سم
650 0 4 _aالاطفال - تربية
650 0 4 _aالاطفال، علم نفس
650 0 4 _aالاطفال - انفعالات نفسية
650 0 4 _aالاطفال - الشعور
942 _2ddc
_cBK
999 _c6425
_d6425